| 000 | 01049nam a22002177a 4500 | ||
|---|---|---|---|
| 999 |
_c59995 _d59995 |
||
| 003 | Ge_BSU | ||
| 005 | 20230529160529.0 | ||
| 008 | 230529s2006 ge ||||| |||| 00| 0 geo d | ||
| 041 | _ageo | ||
| 080 | _a94(395.4:37) ლ-82 | ||
| 100 |
_aლომოური, ნოდარ _95830 |
||
| 245 |
_aქართველი მხედარი მარსის მოედანზე : _b[მეცნ.-პოპულ. ნარკვევები] / _cნოდარ ლომოური; [რედ.: ზ. ბრაგვაძე]. |
||
| 264 |
_aთბილისი : _b"ტრიადა", _c2006. |
||
| 300 |
_a238გვ.; _b20სმ. |
||
| 500 | _aთავფ.: ავტ. მინაწ. | ||
| 501 | _a შენიშვნები: გვ. 229-238. | ||
| 653 | _aიბერიისა და ძველი რომის ურთიერთობების ისტორია | ||
| 653 | _aიბერიის მეფეები | ||
| 700 |
_aბრაგვაძე, ზ. _918273 |
||
| 942 |
_2udc _cBK |
||